| 000 | 00809nam0a22002531 4500 | ||
|---|---|---|---|
| 001 | rc\926089 | ||
| 005 | 20250622044317.0 | ||
| 035 | _a(NLR Aleph) 006099777 | ||
| 090 |
_a5246510 _c5246510 |
||
| 100 | _a20041129d1982 |||y0rusy50 ca | ||
| 101 | 0 | _arus | |
| 102 | _aRU | ||
| 105 | _aa ||||||||| | ||
| 200 | 1 |
_aТеория машин и механизмов в курсе прикладной механики _eКрат. конспект лекций |
|
| 210 |
_aРига _cРПИ _d1982 |
||
| 215 |
_a39 с. _cил. _d20 |
||
| 300 | _aВ надзаг.: Риж. политехн. ин-т | ||
| 320 | _aБиблиогр.: с. 38 | ||
| 700 | 1 |
_aЛац _bА.Я. _gАнатолий Янович |
|
| 801 | 0 |
_aRU _bNLR _gpsbo |
|
| 801 | 1 |
_aRU _bELAR _2rusmarc |
|
| 852 |
_aNLR _j83-4/424 |
||
| 942 | _cBOOK | ||
| 980 | _aNB | ||